MARC details
| 000 -LEADER |
| fixed length control field |
01922cam a2200481 a 4500 |
| 001 - CONTROL NUMBER |
| control field |
20874 |
| 003 - CONTROL NUMBER IDENTIFIER |
| control field |
VRT |
| 005 - DATE AND TIME OF LATEST TRANSACTION |
| control field |
20260206115241.0 |
| 008 - FIXED-LENGTH DATA ELEMENTS--GENERAL INFORMATION |
| fixed length control field |
240318s1993 xo a cr 0000j slo |
| 015 ## - NATIONAL BIBLIOGRAPHY NUMBER |
| National bibliography number |
SNBA1994/01 |
| 020 ## - INTERNATIONAL STANDARD BOOK NUMBER |
| International Standard Book Number |
8006005397 |
| Qualifying information |
(viaz.) |
| 035 ## - SYSTEM CONTROL NUMBER |
| System control number |
SNK000016610 |
| 039 #9 - LEVEL OF BIBLIOGRAPHIC CONTROL AND CODING DETAIL [OBSOLETE] |
| Level of rules in bibliographic description |
202408161530 |
| Level of effort used to assign nonsubject heading access points |
csnk01 |
| Level of effort used to assign subject headings |
202408161529 |
| Level of effort used to assign classification |
csnk01 |
| Level of effort used to assign subject headings |
202408161528 |
| Level of effort used to assign classification |
csnk01 |
| Level of effort used to assign subject headings |
202408011324 |
| Level of effort used to assign classification |
msnk116 |
| 040 ## - CATALOGING SOURCE |
| Original cataloging agency |
SNK |
| Language of cataloging |
slo |
| Transcribing agency |
SNK |
| Description conventions |
AACR2 |
| 041 1# - LANGUAGE CODE |
| Language code of text/sound track or separate title |
slo |
| Language code of original |
fre |
| 044 ## - COUNTRY OF PUBLISHING/PRODUCING ENTITY CODE |
| MARC country code |
xo |
| ISO country code |
SK |
| 072 #7 - SUBJECT CATEGORY CODE |
| Subject category code |
821.133.1-3 |
| Subject category code subdivision |
Francúzska próza, francúzsky písaná |
| Source |
konspekt |
| 072 #7 - SUBJECT CATEGORY CODE |
| Subject category code |
821-93 |
| Subject category code subdivision |
Literatúra pre deti a mládež (beletria) |
| Source |
konspekt |
| 080 ## - UNIVERSAL DECIMAL CLASSIFICATION NUMBER |
| Universal Decimal Classification number |
821.133.1-34 |
| Edition identifier |
2001 |
| 080 ## - UNIVERSAL DECIMAL CLASSIFICATION NUMBER |
| Universal Decimal Classification number |
82-93-053.4/.5 |
| Edition identifier |
2011 |
| 100 1# - MAIN ENTRY--PERSONAL NAME |
| Personal name |
Saint-Exupéry, Antoine de, |
| Dates associated with a name |
1900-1944 |
| Relationship |
aut |
| -- |
ill |
| 240 13 - UNIFORM TITLE |
| Uniform title |
Le petit prince |
| Language of a work |
Slovensky |
| 245 10 - TITLE STATEMENT |
| Title |
Malý princ |
| Remainder of title |
s autorovými kresbami |
| Statement of responsibility, etc. |
Antoine de Saint-Exupéry ; preklad Elena Šmatláková |
| 250 ## - EDITION STATEMENT |
| Edition statement |
3. vyd. |
| 260 ## - PUBLICATION, DISTRIBUTION, ETC. |
| Place of publication, distribution, etc. |
Bratislava |
| Name of publisher, distributor, etc. |
Mladé letá |
| Date of publication, distribution, etc. |
1993 |
| Place of manufacture |
Banská Bystrica |
| Manufacturer |
Tlačiarne BB, spol. s r.o. |
| 300 ## - PHYSICAL DESCRIPTION |
| Extent |
118 s. |
| Other physical details |
ilustr. |
| Dimensions |
21 cm |
| 500 ## - GENERAL NOTE |
| General note |
Odporúčané ako mimočítanková literatúra pre 4. roč. ZŠ |
| 500 ## - GENERAL NOTE |
| General note |
Preložené z francúzštiny |
| 655 #7 - INDEX TERM--GENRE/FORM |
| Genre/form data or focus term |
francúzske rozprávky |
| Source of term |
SNKPH |
| 655 #7 - INDEX TERM--GENRE/FORM |
| Genre/form data or focus term |
autorské rozprávky |
| Source of term |
SNKPH |
| 655 #7 - INDEX TERM--GENRE/FORM |
| Genre/form data or focus term |
literatúra pre deti |
| Source of term |
SNKPH |
| 700 1# - ADDED ENTRY--PERSONAL NAME |
| Personal name |
Šmatláková, Elena, |
| Dates associated with a name |
1926-1987 |
| Relationship |
trl |
| 700 1# - ADDED ENTRY--PERSONAL NAME |
| Personal name |
Hykisch, Anton, |
| Dates associated with a name |
1932-2024 |
| Relationship |
aft |
| 942 ## - ADDED ENTRY ELEMENTS (KOHA) |
| Source of classification or shelving scheme |
Dewey Decimal Classification |
| Koha item type |
Krásna literatúra pre dospelých |
| Suppress in OPAC |
No |
| 949 ## - LOCAL PROCESSING INFORMATION (OCLC) |
| 6 |
369701000016187 |
| a |
aubbO 11847 |
| b |
aubbO11847 |
| p |
Darca: Stračina, Svetozár |
| 949 ## - LOCAL PROCESSING INFORMATION (OCLC) |
| 6 |
17A0056647 |
| 9 |
P60, <05>, [BOOK], {605} |
| a |
snkSC 84988 D1 |
| 949 ## - LOCAL PROCESSING INFORMATION (OCLC) |
| 6 |
270001000033971 |
| a |
svkbbA 85183 |
| b |
svkbbm 582532 |
| 949 ## - LOCAL PROCESSING INFORMATION (OCLC) |
| 6 |
0174026059 |
| a |
lesknPRINT |
| b |
lesknBD2012/19247 |
| 949 ## - LOCAL PROCESSING INFORMATION (OCLC) |
| 6 |
17A0996381 |
| a |
snkSC 84988 |
| 949 ## - LOCAL PROCESSING INFORMATION (OCLC) |
| 6 |
273K0202183 |
| a |
svkpoA 161156 |
| b |
svkpo397916 |
| o |
PV 1018/94 |